000 nam a22 7a 4500
999 _c126499
_d126499
008 170602b xxu||||| |||| 00| 0 eng d
050 _aQ172.5.C.45G54 1988
100 _aGleick, James
_931996
245 _aChaos
_bMaking a new science
_c/ James Gleick
260 _aNew York
_bPenguin Books
_c1988
300 _axi, 351p. ;
_c21cm.
650 _aChaotic behaviour in systems
_931997
942 _2lcc
_cMONOGRAPH